[Event "Albena BUL, Team Ch 2011 GrA Women"]
[Site "Albena BUL"]
[Date "2011.06.04"]
[Round "3.4"]
[White "Georgieva, Emilia"]
[Black "Chilingirova, Pavlina"]
[Result "1/2-1/2"]
[WhiteElo "1966"]
[BlackElo "2126"]
[PlyCount "106"]
[EventDate "2011.06.02"]
[EventType "team"]
[EventRounds "7"]
[EventCountry "BUL"]

1. d4 Nf6 2. Nf3 g6 3. Bf4 Bg7 4. c3 d6 5. e3 O-O 6. Be2 Nbd7 7. Nbd2 Re8 8.
Qb3 c6 9. Bc4 d5 10. Be2 Nh5 11. Bg5 h6 12. Bh4 g5 13. Bxg5 hxg5 14. Nxg5 Nhf6
15. f4 Nf8 16. h4 Qb6 17. Qc2 Ng4 18. Bxg4 Bxg4 19. h5 Bh6 20. Rh4 Bd7 21. Ngf3
f6 22. O-O-O c5 23. Re1 cxd4 24. exd4 Qd6 25. g3 b5 26. a3 a5 27. Rg1 b4 28.
Nb1 e5 29. dxe5 fxe5 30. Ng5 Qf6 31. Qd2 Bc6 32. Rg4 Kh8 33. fxe5 Bxg5 34. exf6
Bxd2+ 35. Kxd2 bxa3 36. Nxa3 Nd7 37. Rf1 Ne5 38. Rg5 Nf7 39. Rg7 Nd6 40. Rg6
Nf7 41. Rg7 Ra7 42. Nc2 Bb5 43. Rf2 Re5 44. Nd4 Be8 45. Nf5 Rb7 46. b4 axb4 47.
Nh4 bxc3+ 48. Kd3 Nd6 49. Rxb7 Nxb7 50. f7 Bxf7 51. Rxf7 Rxh5 52. Ng6+ Kg8 53.
Rxb7 Rg5 1/2-1/2

[Event "Albena BUL, Team Ch 2011 GrA Women"]
[Site "Albena BUL"]
[Date "2011.06.05"]
[Round "4.1"]
[White "Georgieva, Marina"]
[Black "Genova, Lyubka"]
[Result "0-1"]
[WhiteElo "1741"]
[BlackElo "2269"]
[PlyCount "96"]
[EventDate "2011.06.02"]
[EventType "team"]
[EventRounds "7"]
[EventCountry "BUL"]

1. d4 g6 2. Nf3 Bg7 3. c4 d6 4. Nc3 Nd7 5. e4 e5 6. Be3 Ngf6 7. h3 O-O 8. Be2
exd4 9. Nxd4 Re8 10. f3 Nh5 11. O-O Ng3 12. Re1 f5 13. Bf2 Nxe2+ 14. Rxe2 f4
15. Rc1 c6 16. Re1 Be5 17. Nde2 Qg5 18. Kh2 Nf6 19. Bd4 Be6 20. b3 Nh5 21. Qd2
Qf6 22. Red1 Red8 23. Bxe5 dxe5 24. Qc2 g5 25. Na4 b6 26. c5 b5 27. Nac3 Ng7
28. b4 h5 29. Rxd8+ Rxd8 30. Rd1 g4 31. Rxd8+ Qxd8 32. Ng1 Bc4 33. a3 Ne6 34.
Nce2 g3+ 35. Kh1 Qd3 36. Qxd3 Bxd3 37. Nc1 Bc4 38. Nge2 Nd4 39. Nc3 Nc2 40. a4
Nxb4 41. axb5 cxb5 42. Kg1 Kf7 43. Nd5 Nxd5 44. exd5 Bxd5 45. Nd3 Ke6 46. Nb4
a5 47. Nc2 Bc4 48. Na3 Bd3 0-1

[Event "Albena BUL, Team Ch 2011 GrA Women"]
[Site "Albena BUL"]
[Date "2011.06.05"]
[Round "4.1"]
[White "Baninska, Tanja"]
[Black "Ivanova, Simoneta"]
[Result "1-0"]
[WhiteElo "2096"]
[BlackElo "1907"]
[PlyCount "109"]
[EventDate "2011.06.02"]
[EventType "team"]
[EventRounds "7"]
[EventCountry "BUL"]

1. d4 d5 2. Nf3 Nf6 3. Bf4 e6 4. e3 c5 5. c3 Nc6 6. Bd3 Bd6 7. Ne5 Qc7 8. Nxc6
bxc6 9. Bxd6 Qxd6 10. Nd2 O-O 11. O-O cxd4 12. exd4 c5 13. dxc5 Qxc5 14. Nf3
Rb8 15. Qe2 Bd7 16. Rfc1 Bb5 17. b3 Bxd3 18. Qxd3 Rfd8 19. Qd4 Ne4 20. c4 Qxd4
21. Nxd4 Rd7 22. cxd5 exd5 23. f3 Nf6 24. Rc5 g6 25. Rac1 Kg7 26. Rc7 Rb7 27.
Rxb7 Rxb7 28. Kf2 Nd7 29. Rc6 Ne5 30. Rd6 Rd7 31. Rxd7 Nxd7 32. Nc6 Nc5 33. Ke3
f5 34. Nxa7 Ne6 35. Nc6 Kf6 36. b4 Nc7 37. a4 Ke6 38. Nd4+ Kd7 39. b5 Kd6 40.
Nb3 g5 41. g3 Ke5 42. b6 Na6 43. f4+ gxf4+ 44. gxf4+ Kd6 45. Kd4 Kc6 46. a5 Kb5
47. b7 Nb8 48. Kxd5 Ka6 49. Ke6 Kxb7 50. Kxf5 Nd7 51. Ke6 Nf8+ 52. Kf7 Ng6 53.
f5 Ne5+ 54. Ke6 Nf3 55. f6 1-0

[Event "Albena BUL, Team Ch 2011 GrA Women"]
[Site "Albena BUL"]
[Date "2011.06.05"]
[Round "4.1"]
[White "Tsekova, Viktoria"]
[Black "Georgieva, Emilia"]
[Result "0-1"]
[WhiteElo "1845"]
[BlackElo "1966"]
[PlyCount "90"]
[EventDate "2011.06.02"]
[EventType "team"]
[EventRounds "7"]
[EventCountry "BUL"]

1. Nf3 d5 2. g3 c6 3. Bg2 Bg4 4. O-O Nd7 5. d4 e6 6. Nbd2 Bd6 7. c4 Ngf6 8. b3
Qc7 9. Bb2 h5 10. cxd5 exd5 11. Re1 O-O-O 12. e4 Nxe4 13. Nxe4 dxe4 14. Rxe4
Nf6 15. Re1 h4 16. Qc2 hxg3 17. fxg3 Bxf3 18. Bxf3 Kb8 19. Re3 Bxg3 20. hxg3
Qxg3+ 21. Qg2 Qf4 22. Qf2 Qg5+ 23. Bg2 Ka8 24. Qg3 Ng4 25. Rae1 f5 26. Re7 f4
27. Qc3 Qh4 28. Qf3 Ne3 29. R1xe3 Qh2+ 30. Kf1 fxe3 31. Qxe3 Rhf8+ 32. Bf3 Qxb2
33. Qe4 Qa1+ 34. Kg2 Qxa2+ 35. Kg3 Rh8 36. Kg4 Qxb3 37. Qe5 Qb6 38. d5 Qg1+ 39.
Kf4 Rhf8+ 40. Ke4 Qe1+ 41. Kd4 Qxe5+ 42. Kxe5 Rxf3 43. d6 Re3+ 44. Kf5 Rxe7 45.
dxe7 Re8 0-1

[Event "Albena BUL, Team Ch 2011 GrA Women"]
[Site "Albena BUL"]
[Date "2011.06.05"]
[Round "4.2"]
[White "Zaiatz, Elena"]
[Black "Voiska, Margarita"]
[Result "1/2-1/2"]
[WhiteElo "2430"]
[BlackElo "2300"]
[PlyCount "60"]
[EventDate "2011.06.02"]
[EventType "team"]
[EventRounds "7"]
[EventCountry "BUL"]

1. d4 d6 2. e4 Nf6 3. Nc3 e5 4. Nge2 c6 5. a4 Be7 6. g3 exd4 7. Nxd4 d5 8. e5
Ne4 9. Nce2 O-O 10. f3 Nc5 11. Bg2 f6 12. exf6 Bxf6 13. O-O Ne6 14. a5 Na6 15.
c3 Re8 16. b4 Nac7 17. Ra2 Nxd4 18. Nxd4 Bxd4+ 19. cxd4 Nb5 20. Re2 Rxe2 21.
Qxe2 Bd7 22. Bf4 Nxd4 23. Qe3 Nf5 24. Qc3 Qf6 25. Be5 d4 26. Bxf6 dxc3 27. Bxc3
Ne3 28. Re1 Nxg2 29. Kxg2 Re8 30. Rxe8+ Bxe8 1/2-1/2

[Event "Albena BUL, Team Ch 2011 GrA Women"]
[Site "Albena BUL"]
[Date "2011.06.05"]
[Round "4.2"]
[White "Chilingirova, Pavlina"]
[Black "Gocheva, Rumiana"]
[Result "1-0"]
[WhiteElo "2126"]
[BlackElo "2141"]
[PlyCount "104"]
[EventDate "2011.06.02"]
[EventType "team"]
[EventRounds "7"]
[EventCountry "BUL"]

1. d4 d5 2. c4 e6 3. Nf3 Ne7 4. Nc3 Nbc6 5. Bf4 dxc4 6. e4 Ng6 7. Be3 Nh4 8.
Nxh4 Qxh4 9. Bxc4 Bb4 10. Bd3 O-O 11. g3 Qd8 12. Bc2 Ba5 13. Qd2 Bb6 14. Rd1 e5
15. dxe5 Qxd2+ 16. Kxd2 Bg4 17. Rde1 Nxe5 18. Kc1 Nf3 19. Re2 Nd4 20. Bxd4 Bxd4
21. Rd2 Bf3 22. Re1 Rad8 23. Nd5 Bc5 24. Bd1 Bxd1 25. Rexd1 Rde8 26. Rc2 Bb6
27. Nxb6 cxb6 28. f3 Re7 29. Rd5 g6 30. Kd2 f5 31. exf5 Rxf5 32. Rxf5 gxf5 33.
Rc4 Kg7 34. Rd4 Kf6 35. Rd6+ Ke5 36. Rh6 Rd7+ 37. Ke3 f4+ 38. gxf4+ Kf5 39.
Rh5+ Ke6 40. Re5+ Kf6 41. h4 Rd1 42. Rb5 Rh1 43. h5 Rh2 44. a4 Rc2 45. b4 Rh2
46. a5 bxa5 47. bxa5 a6 48. Rxb7 Rxh5 49. Rb6+ Kf5 50. Rxa6 Rh1 51. Ra8 Re1+
52. Kf2 Ra1 1-0

[Event "Albena BUL, Team Ch 2011 GrA Women"]
[Site "Albena BUL"]
[Date "2011.06.05"]
[Round "4.2"]
[White "Savova, Stefka"]
[Black "Yordanova, Svetla"]
[Result "1/2-1/2"]
[WhiteElo "2091"]
[BlackElo "2137"]
[PlyCount "70"]
[EventDate "2011.06.02"]
[EventType "team"]
[EventRounds "7"]
[EventCountry "BUL"]

1. e4 e6 2. d3 d5 3. Nd2 c5 4. Ngf3 Nc6 5. c3 g6 6. Qc2 Bg7 7. Be2 Nge7 8. Nf1
b6 9. Ng3 Bb7 10. Bd2 Qc7 11. O-O-O h6 12. h4 O-O-O 13. Kb1 Kb8 14. Qc1 Ka8 15.
Rhe1 a6 16. Bf1 Rc8 17. Bf4 e5 18. Bd2 d4 19. cxd4 cxd4 20. Qc4 Rhf8 21. h5 Qd7
22. Qb3 b5 23. Rc1 g5 24. Nh2 Qe6 25. Qxe6 fxe6 26. Ng4 Ng8 27. Be2 Nf6 28.
Nxf6 Rxf6 29. Nh1 Bf8 30. Rf1 Kb8 31. f3 Rf7 32. Nf2 a5 33. Ng4 b4 34. Rc4 Rfc7
35. Rd1 Ba6 1/2-1/2

[Event "Albena BUL, Team Ch 2011 GrA Women"]
[Site "Albena BUL"]
[Date "2011.06.05"]
[Round "4.2"]
[White "Genova, Ruzka"]
[Black "Galunova, Tsveta"]
[Result "1/2-1/2"]
[WhiteElo "2204"]
[BlackElo "1943"]
[PlyCount "68"]
[EventDate "2011.06.02"]
[EventType "team"]
[EventRounds "7"]
[EventCountry "BUL"]

1. Nf3 d5 2. g3 Nf6 3. Bg2 c6 4. O-O Bg4 5. d3 Nbd7 6. Nbd2 e6 7. h3 Bh5 8. b3
Be7 9. Bb2 O-O 10. e4 dxe4 11. dxe4 Nc5 12. Qe1 a5 13. Ne5 Nfd7 14. Nxd7 Qxd7
15. Nc4 Qc7 16. Be5 Qd8 17. g4 Bg6 18. Rd1 Nd7 19. Bc3 Qc8 20. Bxa5 b5 21. Nb2
Nc5 22. b4 Nb7 23. Bb6 Rxa2 24. Qc3 c5 25. Qb3 Ra6 26. bxc5 Bxc5 27. Bxc5 Nxc5
28. Qe3 e5 29. Rd5 Rc6 30. Rxe5 f6 31. Rd5 Re8 32. Rd4 Nxe4 33. Rb4 Rxc2 34.
Rxb5 Rc3 1/2-1/2

[Event "Albena BUL, Team Ch 2011 GrA Women"]
[Site "Albena BUL"]
[Date "2011.06.05"]
[Round "4.3"]
[White "Raeva, Elitsa"]
[Black "Draganova, Petranka"]
[Result "1-0"]
[WhiteElo "2322"]
[BlackElo "2007"]
[PlyCount "107"]
[EventDate "2011.06.02"]
[EventType "team"]
[EventRounds "7"]
[EventCountry "BUL"]

1. d4 d5 2. Nf3 c6 3. g3 Nf6 4. Bg2 Bf5 5. O-O e6 6. c4 dxc4 7. Nbd2 Nbd7 8.
Nxc4 Be4 9. Bf4 Nb6 10. Nce5 h6 11. g4 Nfd5 12. Bg3 f6 13. Nd3 Nd7 14. Qb3 Qb6
15. Qc4 h5 16. gxh5 Rxh5 17. Rac1 Be7 18. Nc5 Nxc5 19. dxc5 Qb4 20. Qxb4 Nxb4
21. Rc4 Bxc5 22. Rxe4 e5 23. Rc4 Be7 24. a3 Nd5 25. Rd1 Kf7 26. Ne1 Ke6 27. Nd3
g5 28. Nc5+ Bxc5 29. Rxc5 f5 30. e4 Nf4 31. exf5+ Kxf5 32. Rd7 Rb8 33. Kf1 Ke6
34. Rd1 Kf5 35. Re1 Re8 36. Be4+ Kf6 37. Rd1 Rhh8 38. Rc2 Rd8 39. Rcd2 Rxd2 40.
Rxd2 Ke6 41. Bxf4 exf4 42. f3 Rf8 43. Rg2 Kf6 44. Rg4 Rh8 45. Rg2 Rd8 46. Ke1
Rd7 47. Rd2 Re7 48. Rd6+ Ke5 49. Rg6 Kd4 50. Rxg5 Ke3 51. Rg2 c5 52. Re2+ Kd4
53. Kd2 b5 54. Bc6 1-0

[Event "Albena BUL, Team Ch 2011 GrA Women"]
[Site "Albena BUL"]
[Date "2011.06.05"]
[Round "4.3"]
[White "Krumova, Ani"]
[Black "Djingarova, Emilia"]
[Result "1/2-1/2"]
[WhiteElo "1961"]
[BlackElo "2348"]
[PlyCount "91"]
[EventDate "2011.06.02"]
[EventType "team"]
[EventRounds "7"]
[EventCountry "BUL"]

1. e4 e5 2. Nc3 Nc6 3. Bc4 Nf6 4. f4 Bc5 5. Bxf7+ Kxf7 6. fxe5 Nxe5 7. d4 Bd6
8. dxe5 Bxe5 9. Nf3 Bxc3+ 10. bxc3 Re8 11. O-O d6 12. Bg5 Kg8 13. Qd3 Bd7 14.
Nd4 Qe7 15. Rae1 c5 16. Nf5 Bxf5 17. Rxf5 Qe6 18. Bxf6 gxf6 19. Qg3+ Kh8 20.
Qh4 Rf8 21. Ref1 Rae8 22. Rxf6 Rxf6 23. Rxf6 Qxa2 24. Qh6 Qg8 25. Rxd6 Qg7 26.
Qxg7+ Kxg7 27. Rd7+ Kg6 28. Rxb7 Ra8 29. Rc7 a5 30. Rxc5 a4 31. Rd5 a3 32. Rd1
Kg5 33. g3 a2 34. Ra1 Kf6 35. Kf2 Ke5 36. Ke3 Ra3 37. Kd3 h6 38. h3 h5 39. g4
h4 40. g5 Ra6 41. Ke3 Ra3 42. Kd3 Ra6 43. c4 Ra3+ 44. c3 Ra6 45. Ke3 Ra3 46.
Kd3 1/2-1/2

[Event "Albena BUL, Team Ch 2011 GrA Women"]
[Site "Albena BUL"]
[Date "2011.06.05"]
[Round "4.3"]
[White "Velcheva, Maria"]
[Black "Todorova, Kalina"]
[Result "1-0"]
[WhiteElo "2289"]
[BlackElo "1815"]
[PlyCount "55"]
[EventDate "2011.06.02"]
[EventType "team"]
[EventRounds "7"]
[EventCountry "BUL"]

1. e4 c5 2. Nf3 e6 3. d4 cxd4 4. Nxd4 a6 5. c4 Nf6 6. Nc3 Qc7 7. Be3 Nc6 8.
Nxc6 bxc6 9. Be2 Bb4 10. Qc2 O-O 11. O-O d5 12. Na4 Bd6 13. exd5 cxd5 14. g3 e5
15. Rac1 d4 16. Bg5 e4 17. Qd2 d3 18. Bd1 Bh3 19. Re1 Qc6 20. Bxf6 gxf6 21. Nc3
Rfe8 22. Ba4 e3 23. fxe3 Qf3 24. Bxe8 Rxe8 25. Nd5 Re4 26. Rf1 Bxf1 27. Rxf1
Qe2 28. Nxf6+ 1-0

[Event "Albena BUL, Team Ch 2011 GrA Women"]
[Site "Albena BUL"]
[Date "2011.06.05"]
[Round "4.3"]
[White "Dilova, Monika"]
[Black "Olarasu, Gabriela"]
[Result "0-1"]
[WhiteElo "1806"]
[BlackElo "2266"]
[PlyCount "112"]
[EventDate "2011.06.02"]
[EventType "team"]
[EventRounds "7"]
[EventCountry "BUL"]

1. e4 e5 2. Nf3 Nc6 3. d4 exd4 4. Nxd4 Bc5 5. Nb3 Bb4+ 6. Bd2 a5 7. Bxb4 axb4
8. N1d2 Qf6 9. Qc1 Nge7 10. g3 h5 11. Bg2 h4 12. O-O d6 13. Nf3 Ng6 14. c3 bxc3
15. Qxc3 Qxc3 16. bxc3 Be6 17. Nfd2 hxg3 18. hxg3 Bh3 19. Bxh3 Rxh3 20. Kg2 Rh5
21. Rh1 Rxh1 22. Kxh1 Nge5 23. Kg2 Ra4 24. f4 Nc4 25. Kf3 b5 26. Ke2 N6a5 27.
Nxa5 Nxa5 28. Kd3 Nb7 29. Nb3 c5 30. Ke3 Ke7 31. Nc1 Ra3 32. Kd2 Na5 33. Rb1
Nc4+ 34. Kd3 Ra5 35. Rb3 Kd7 36. f5 Kc6 37. Rb1 Ra4 38. Ra1 Ne5+ 39. Ke3 Ng4+
40. Kf3 Nf6 41. Ne2 Nxe4 42. Ke3 Nf6 43. Kd3 Kd5 44. Nf4+ Ke5 45. Kc2 Kxf5 46.
Kb2 g5 47. Ne2 Re4 48. Rf1+ Ke6 49. Rf2 Ng4 50. Rg2 f5 51. Nc1 Re3 52. Kc2 Nf6
53. Ne2 Ne4 54. a3 Ke5 55. Kb3 Kd5 56. Kb2 Kc4 0-1

[Event "Albena BUL, Team Ch 2011 GrA Women"]
[Site "Albena BUL"]
[Date "2011.06.05"]
[Round "4.4"]
[White "Videnova, Iva"]
[Black "Tsvetkova, Svetlana"]
[Result "1-0"]
[WhiteElo "2345"]
[BlackElo "1860"]
[PlyCount "61"]
[EventDate "2011.06.02"]
[EventType "team"]
[EventRounds "7"]
[EventCountry "BUL"]

1. e4 c5 2. Nf3 e6 3. d4 cxd4 4. Nxd4 Bc5 5. Nc3 Qb6 6. Na4 Qa5+ 7. c3 Be7 8.
Nb5 a6 9. b4 Qd8 10. Nd6+ Bxd6 11. Qxd6 Nc6 12. Be3 Qe7 13. Qxe7+ Ngxe7 14. Nb6
Rb8 15. Bc5 d5 16. Bd6 dxe4 17. b5 axb5 18. Bxb5 Bd7 19. Bxb8 Nxb8 20. Nxd7
Nxd7 21. O-O-O Nd5 22. c4 N5f6 23. Rxd7 Nxd7 24. Rd1 O-O 25. Rxd7 Rb8 26. a4 b6
27. c5 bxc5 28. Rc7 g6 29. Rxc5 Ra8 30. Re5 Rc8+ 31. Kd2 1-0

[Event "Albena BUL, Team Ch 2011 GrA Women"]
[Site "Albena BUL"]
[Date "2011.06.05"]
[Round "4.4"]
[White "Petkova, Veneta"]
[Black "Nikolova, Adriana"]
[Result "0-1"]
[WhiteElo "1985"]
[BlackElo "2333"]
[PlyCount "124"]
[EventDate "2011.06.02"]
[EventType "team"]
[EventRounds "7"]
[EventCountry "BUL"]

1. e4 c5 2. Nf3 d6 3. d4 cxd4 4. Nxd4 Nf6 5. Nc3 a6 6. Be3 e5 7. Nb3 Be6 8. f3
Be7 9. Qd2 O-O 10. O-O-O Nbd7 11. g4 b5 12. g5 b4 13. Ne2 Ne8 14. f4 a5 15. f5
a4 16. fxe6 axb3 17. exf7+ Rxf7 18. Kb1 bxc2+ 19. Qxc2 Bxg5 20. Bxg5 Qxg5 21.
Ng3 Rf4 22. Qc6 Ra7 23. Bc4+ Kh8 24. Bb3 Rc7 25. Qd5 Rf8 26. Rhf1 Nef6 27. Qxd6
Rfc8 28. Qxb4 Nc5 29. Qd2 Qxd2 30. Rxd2 Ncxe4 31. Nxe4 Nxe4 32. Rdd1 g6 33.
Rfe1 Nc5 34. Bd5 Kg7 35. b3 Kf6 36. Rd2 g5 37. Rf2+ Kg7 38. Bc4 e4 39. Rf5 h6
40. Ref1 Re7 41. Rf7+ Rxf7 42. Rxf7+ Kg6 43. Kc2 g4 44. Kd2 h5 45. Ke3 h4 46.
Rf1 Kg5 47. b4 Na4 48. Bd5 Nc3 49. Be6 Rc6 50. Bb3 Rd6 51. Bc4 g3 52. hxg3 hxg3
53. Be2 Nxe2 54. Kxe2 Kg4 55. Ke3 Re6 56. b5 g2 57. Rg1 Kg3 58. a4 Kh2 59. Rc1
g1=Q+ 60. Rxg1 Kxg1 61. Kd4 e3 62. Kd5 Re8 0-1

[Event "Albena BUL, Team Ch 2011 GrA Women"]
[Site "Albena BUL"]
[Date "2011.06.05"]
[Round "4.4"]
[White "Sirkova, Darena"]
[Black "Shtereva, Slaveja"]
[Result "1/2-1/2"]
[WhiteElo "2054"]
[BlackElo "2095"]
[PlyCount "114"]
[EventDate "2011.06.02"]
[EventType "team"]
[EventRounds "7"]
[EventCountry "BUL"]

1. e4 c5 2. Nf3 e6 3. d4 cxd4 4. Nxd4 a6 5. Nc3 Qc7 6. Bd3 Nf6 7. O-O d6 8. Be3
b5 9. a4 b4 10. Na2 d5 11. f3 Bd6 12. h3 Bb7 13. c3 dxe4 14. fxe4 Nbd7 15. cxb4
Nxe4 16. Bxe4 Bxe4 17. Qg4 Bh2+ 18. Kh1 Qe5 19. Nc3 f5 20. Qg5 Nf6 21. Nf3 Qg3
22. Ne2 Qxg5 23. Nxg5 Be5 24. Nxe6 Ke7 25. Nxg7 Bxg2+ 26. Kxg2 Rhg8 27. Rxf5
Rxg7+ 28. Kh1 Ke6 29. Raf1 Rd7 30. Rxe5+ Kxe5 31. Bd4+ Rxd4 32. Nxd4 Kxd4 33.
Rxf6 Kc4 34. Rb6 Kb3 35. a5 Kxb2 36. Kg2 Kc3 37. Kg3 Kc4 38. Kf4 Rg8 39. h4 h5
40. Kf5 Rg4 41. b5 axb5 42. a6 Kc5 43. a7 Ra4 44. Rb7 Kc6 45. Re7 b4 46. Kg6
Ra5 47. Re4 Rxa7 48. Rxb4 Ra5 49. Rb1 Kd6 50. Rg1 Ke6 51. Re1+ Re5 52. Rxe5+
Kxe5 53. Kxh5 Kf5 54. Kh6 Kf6 55. Kh7 Kf7 56. h5 Kf8 57. Kh8 Kf7 1/2-1/2

[Event "Albena BUL, Team Ch 2011 GrA Women"]
[Site "Albena BUL"]
[Date "2011.06.05"]
[Round "4.4"]
[White "Andreeva, Plamena"]
[Black "Janeva, Mariya"]
[Result "0-1"]
[WhiteElo "2093"]
[BlackElo "2020"]
[PlyCount "91"]
[EventDate "2011.06.02"]
[EventType "team"]
[EventRounds "7"]
[EventCountry "BUL"]

1. e4 c5 2. Nc3 e6 3. Nge2 a6 4. g3 b5 5. Bg2 Bb7 6. a3 Qc7 7. O-O Nf6 8. d3
Be7 9. Be3 d5 10. exd5 exd5 11. d4 b4 12. Na4 c4 13. axb4 Bxb4 14. Bf4 Qc6 15.
Nec3 O-O 16. Re1 Nbd7 17. Qf3 Rfe8 18. Re3 Rxe3 19. Bxe3 Re8 20. Qf5 g6 21. Qf3
Qe6 22. Ne2 Ne4 23. Nf4 Qe7 24. Qd1 g5 25. Ne2 f5 26. Nac3 Ndf6 27. Nxe4 Nxe4
28. c3 Bd6 29. Bxe4 Qxe4 30. Qd2 Qf3 31. Re1 h6 32. h4 gxh4 33. Bxh6 Qg4 34.
Qg5+ Qxg5 35. Bxg5 hxg3 36. f3 f4 37. Kg2 Bc8 38. Bf6 Bf5 39. Be5 Bxe5 40. Ng1
Kf7 41. dxe5 Rb8 42. Re2 Bd3 43. Rd2 Kg6 44. Ne2 Kg5 45. Nd4 Rh8 46. Kg1 0-1

[Event "Albena BUL, Team Ch 2011 GrA Women"]
[Site "Albena BUL"]
[Date "2011.06.06"]
[Round "5.1"]
[White "Tsvetkova, Svetlana"]
[Black "Georgieva, Marina"]
[Result "0-1"]
[WhiteElo "1860"]
[BlackElo "1741"]
[PlyCount "58"]
[EventDate "2011.06.02"]
[EventType "team"]
[EventRounds "7"]
[EventCountry "BUL"]

1. e4 e6 2. d4 d5 3. e5 c5 4. c3 Nc6 5. Nf3 Qb6 6. Be2 cxd4 7. cxd4 Nge7 8. Qb3
Nxd4 9. Qxb6 Nxf3+ 10. Bxf3 axb6 11. O-O Nc6 12. Bf4 Bc5 13. Nc3 O-O 14. a3 Bd7
15. Rad1 Rfc8 16. Rfe1 Bd4 17. Rd3 Bxc3 18. Rxc3 Na5 19. Rxc8+ Rxc8 20. Bd2 Nc4
21. Bc3 Nxa3 22. Ra1 Nb5 23. Bb4 h6 24. Be2 Nd4 25. Bd3 Bb5 26. Bxb5 Nxb5 27.
g3 Nd4 28. Ra7 Nc6 29. Ra4 b5 0-1

[Event "Albena BUL, Team Ch 2011 GrA Women"]
[Site "Albena BUL"]
[Date "2011.06.06"]
[Round "5.1"]
[White "Ivanova, Simoneta"]
[Black "Petkova, Veneta"]
[Result "1/2-1/2"]
[WhiteElo "1907"]
[BlackElo "1985"]
[PlyCount "128"]
[EventDate "2011.06.02"]
[EventType "team"]
[EventRounds "7"]
[EventCountry "BUL"]

1. Nf3 e6 2. g3 Nf6 3. Bg2 d5 4. d4 c5 5. O-O Nc6 6. c4 cxd4 7. Nxd4 Bc5 8. Nb3
Be7 9. cxd5 Nxd5 10. a3 O-O 11. Qc2 Qc7 12. e4 Nf6 13. Nc3 Rd8 14. Bf4 e5 15.
Nd5 Nxd5 16. exd5 exf4 17. dxc6 bxc6 18. Nc5 Rb8 19. b4 g6 20. Qc4 a5 21. Rfd1
axb4 22. Rxd8+ Qxd8 23. axb4 fxg3 24. hxg3 Qb6 25. Re1 Qc7 26. Bxc6 Qxc6 27.
Rxe7 Be6 28. Qd4 Bh3 29. Qe4 Qd6 30. Re8+ Rxe8 31. Qxe8+ Kg7 32. Qe4 h5 33. Nd3
Kf8 34. Qe3 Bf5 35. Nc5 Bg4 36. Qd3 Qxd3 37. Nxd3 Ke7 38. f4 Kd6 39. Kf2 Kd5
40. Ne5 Be6 41. Ke3 g5 42. Nd3 h4 43. gxh4 gxh4 44. Nf2 Kc4 45. Ke4 h3 46. Kf3
Kxb4 47. Kg3 Kc4 48. Nxh3 Bxh3 49. Kxh3 Kd4 50. Kh4 f5 51. Kh3 Ke4 52. Kg3 Ke3
53. Kg2 Kxf4 54. Kf2 Kg4 55. Kg2 Kf4 56. Kf2 Ke4 57. Ke2 f4 58. Kf2 f3 59. Kf1
Ke3 60. Ke1 Kf4 61. Kf2 Kg4 62. Kf1 Kg3 63. Kg1 f2+ 64. Kf1 Kf3 1/2-1/2

[Event "Albena BUL, Team Ch 2011 GrA Women"]
[Site "Albena BUL"]
[Date "2011.06.06"]
[Round "5.1"]
[White "Shtereva, Slaveja"]
[Black "Tsekova, Viktoria"]
[Result "0-1"]
[WhiteElo "2095"]
[BlackElo "1845"]
[PlyCount "70"]
[EventDate "2011.06.02"]
[EventType "team"]
[EventRounds "7"]
[EventCountry "BUL"]

1. c4 Nf6 2. Nc3 d5 3. cxd5 Nxd5 4. g3 g6 5. Bg2 Nxc3 6. bxc3 Bg7 7. Qb3 c6 8.
d4 O-O 9. Nf3 Nd7 10. Ba3 Nb6 11. O-O Be6 12. Qb4 Re8 13. Nd2 Qc7 14. e4 a5 15.
Qb2 Na4 16. Qc2 b5 17. Nb3 Bc4 18. Rfd1 Rad8 19. f4 Qa7 20. Nc5 Nb6 21. Rab1 b4
22. Bc1 bxc3 23. Be3 e6 24. Qxc3 Rb8 25. Rdc1 Bb5 26. Qc2 Nc4 27. Qf2 Rbd8 28.
e5 Bf8 29. Rd1 Nb6 30. Ne4 Nd5 31. g4 Qa6 32. Re1 Bb4 33. Rec1 Bd3 34. Ng5 h6
35. Nxf7 Kxf7 0-1

[Event "Albena BUL, Team Ch 2011 GrA Women"]
[Site "Albena BUL"]
[Date "2011.06.06"]
[Round "5.1"]
[White "Kantardzhieva, Toni"]
[Black "Andreeva, Veronika"]
[Result "1-0"]
[WhiteElo "1939"]
[BlackElo "1891"]
[PlyCount "89"]
[EventDate "2011.06.02"]
[EventType "team"]
[EventRounds "7"]
[EventCountry "BUL"]

1. d4 Nf6 2. Nf3 d5 3. e3 g6 4. Bd3 Bg7 5. O-O O-O 6. b3 Nbd7 7. Bb2 b6 8. Nbd2
Bb7 9. Ne5 Nxe5 10. dxe5 Nd7 11. f4 Nc5 12. Be2 Ne4 13. Rc1 c5 14. Bd3 Rc8 15.
c4 Nxd2 16. Qxd2 dxc4 17. bxc4 Qc7 18. Qe2 Rfd8 19. Bc3 Qc6 20. Rf2 e6 21. Re1
Rd7 22. e4 Rcd8 23. Bc2 Qc7 24. h4 Bc6 25. h5 a6 26. Qg4 Re7 27. Qg3 Rf8 28. f5
exf5 29. exf5 f6 30. fxg6 h6 31. Rfe2 f5 32. Rf2 Bd7 33. Qh4 Be6 34. Ref1 Rd7
35. Bxf5 Bxf5 36. Rxf5 Rxf5 37. Rxf5 Rd1+ 38. Rf1 Rd3 39. Qe1 Qe7 40. Rf7 Qe6
41. Rb7 b5 42. Rb8+ Bf8 43. Qf1 Rd1 44. Qxd1 Qxc4 45. Qf3 1-0

[Event "Albena BUL, Team Ch 2011 GrA Women"]
[Site "Albena BUL"]
[Date "2011.06.06"]
[Round "5.2"]
[White "Draganova, Petranka"]
[Black "Videnova, Iva"]
[Result "1/2-1/2"]
[WhiteElo "2007"]
[BlackElo "2345"]
[PlyCount "181"]
[EventDate "2011.06.02"]
[EventType "team"]
[EventRounds "7"]
[EventCountry "BUL"]

1. e4 c5 2. Nf3 g6 3. d4 Bg7 4. Nc3 cxd4 5. Nxd4 Nc6 6. Be3 Nf6 7. Be2 O-O 8.
f3 d5 9. exd5 Nxd5 10. Nxd5 Qxd5 11. Nxc6 Qxc6 12. c3 Be6 13. O-O Bxa2 14. Bd4
Qd5 15. Bxg7 Kxg7 16. Qa4 Bb3 17. Qb4 a5 18. Qb6 Rfc8 19. Bd1 Bc4 20. Re1 Ra6
21. Qf2 e5 22. Be2 Bxe2 23. Qxe2 Re6 24. Rad1 Qb3 25. Rd2 a4 26. Ra1 Qb6+ 27.
Qf2 Qc6 28. Qe3 b5 29. Kf2 Rc7 30. Rd3 e4 31. Qd4+ Rf6 32. Re3 Rd7 33. Qxe4
Rd2+ 34. Kg1 Rxb2 35. Qe5 Qd6 36. c4 Qxe5 37. Rxe5 bxc4 38. Rxa4 c3 39. Rc4 c2
40. Rec5 Rb1+ 41. Kf2 Rh1 42. Kg3 Re6 43. Rxc2 Rhe1 44. Rc7 Rg1 45. Rd2 Re5 46.
Rdd7 Rg5+ 47. Kf4 Rf5+ 48. Kg3 g5 49. Rd6 h5 50. Rcd7 h4+ 51. Kf2 Ra1 52. Rd2
Rb5 53. h3 Rbb1 54. R7d5 Rf1+ 55. Ke3 Kg6 56. Rd6+ f6 57. R6d5 Rh1 58. Rc5 Rhg1
59. Rc8 Rae1+ 60. Kd3 Re7 61. Rd8 Kf5 62. Rd6 Ree1 63. Rc6 Re7 64. Rd6 Re8 65.
Rd4 Ree1 66. Rc4 Ra1 67. Ke3 Rae1+ 68. Kd3 Re6 69. Rd4 Kg6 70. Rd8 Ree1 71. Rd6
Rd1 72. Ke3 Rge1+ 73. Kf2 Rf1+ 74. Ke3 Rde1+ 75. Kd3 Rg1 76. Rd5 Kf7 77. Rd4
Kg6 78. f4 Ra1 79. fxg5 Ra3+ 80. Kc4 fxg5 81. Rd6+ Kh5 82. R2d3 Ra4+ 83. Kd5 g4
84. Ke6 Re1+ 85. Kf5 Rf1+ 86. Ke5 g3 87. Rd8 Ra5+ 88. Ke4 Ra4+ 89. Ke5 Ra5+ 90.
Ke4 Ra4+ 91. Ke5 1/2-1/2

[Event "Albena BUL, Team Ch 2011 GrA Women"]
[Site "Albena BUL"]
[Date "2011.06.06"]
[Round "5.2"]
[White "Krumova, Ani"]
[Black "Sirkova, Darena"]
[Result "0-1"]
[WhiteElo "1961"]
[BlackElo "2054"]
[PlyCount "92"]
[EventDate "2011.06.02"]
[EventType "team"]
[EventRounds "7"]
[EventCountry "BUL"]

1. e4 c5 2. c3 Nf6 3. e5 Nd5 4. d4 cxd4 5. Nf3 e6 6. cxd4 d6 7. a3 Bd7 8. Bd3
Bc6 9. O-O Nd7 10. Re1 Be7 11. b4 a6 12. Nbd2 Nc3 13. Qc2 Rc8 14. exd6 Bxd6 15.
Nc4 Bb8 16. Nfe5 Bd5 17. Qxc3 b5 18. Bf1 bxc4 19. Bf4 Nf6 20. f3 O-O 21. Bg5
Qc7 22. Bh4 Ne8 23. Bg3 Nd6 24. Ng4 Qb6 25. a4 Nf5 26. Bf2 Qc7 27. Re5 f6 28.
Rxf5 exf5 29. Bg3 f4 30. Be1 Rfe8 31. Bd2 Ba7 32. Rd1 Rcd8 33. Nf2 f5 34. Nh3
Kh8 35. Bxf4 Qc6 36. a5 Qa4 37. Nf2 Bg8 38. Be3 Bb8 39. Bg5 Rd7 40. Kh1 Bd6 41.
Bd2 Rb8 42. Rb1 Rdb7 43. Qe3 Bxb4 44. Bxb4 Rxb4 45. Re1 Qxa5 46. Be2 Rb3 0-1